Tutti i comuni della provincia di Monza e Brianza - Statistics

Statistiche generali
  • Questo quiz è stato fatto 355 volte
  • Il punteggio medio è 25 su 55
Statistiche sulle risposte
Posizione Città Popolazione % Corretto
1 Monza 122.099
99%
2 Lissone 46.142
81%
4 Desio 41.635
79%
3 Seregno 44.832
78%
9 Vimercate 25.783
73%
14 Arcore 17.773
69%
15 Carate Brianza 17.756
63%
11 Muggiò 23.593
61%
6 Brugherio 34.845
59%
18 Lentate sul Seveso 15.733
59%
12 Meda 23.370
59%
8 Giussano 25.988
56%
5 Cesano Maderno 39.118
55%
17 Concorezzo 15.800
54%
10 Seveso 23.797
53%
21 Villasanta 14.059
53%
29 Lesmo 8.407
52%
7 Limbiate 34.718
52%
13 Nova Milanese 23.125
52%
19 Agrate Brianza 15.505
50%
26 Usmate Velate 10.527
50%
23 Biassono 12.177
48%
20 Besana in Brianza 15.441
47%
34 Vedano al Lambro 7.515
46%
33 Carnate 7.594
45%
35 Macherio 7.412
45%
27 Verano Brianza 9.146
43%
41 Albiate 6.582
41%
39 Busnago 6.769
41%
28 Triuggio 8.642
39%
51 Renate 4.009
38%
31 Sovico 8.297
38%
16 Bovisio Masciago 16.735
37%
22 Varedo 13.627
37%
36 Cavenago di Brianza 7.402
36%
44 Ornago 5.253
36%
37 Bellusco 7.365
35%
54 Camparada 2.152
34%
38 Barlassina 6.853
33%
42 Briosco 6.080
33%
43 Misinto 5.654
33%
24 Bernareggio 11.411
32%
40 Ceriano Laghetto 6.627
32%
25 Cornate D'Adda 10.753
32%
53 Correzzana 3.095
31%
32 Lazzate 7.679
31%
50 Veduggio con Colzano 4.205
31%
55 Aicurzio 2.072
30%
49 Burago di Molgora 4.223
29%
45 Caponago 5.112
29%
47 Mezzago 4.472
29%
48 Sulbiate 4.394
29%
30 Cogliate 8.403
25%
52 Ronco Briantino 3.576
23%
46 Roncello 4.780
22%
Nessun quiz corrispondente trovato
Distribuzione punteggi
Percentuale di utenti per punteggio
Percentile per numero di risposta
I tuoi punteggi nel tempo
Non hai fatto questo quiz